000 00502nam a22001937a 4500
003 OSt
005 20140310183009.0
008 130211t xxu||||| |||| 00| 0 eng d
020 _a971574060x
050 _aLB 1585
_b.Sa31 2002
100 _aSalandaan, Gloria G.
245 _aTeaching children science /
_cGloria G. Salandanan.
260 _aQuezon City :
_bKatha Publishing,
_c2002.
300 _a142 p. :
_c26 cm.
521 _aEDU
562 _e1
942 _2lcc
_cBK
_kLOC
999 _c18213
_d18213